000
00299nam a22001097a 4500
082
_a
621.382 TEL'G
100
_a
GATLAND, K. W
_9
80041
245
_a
TELECOMMUNICATION SATELLITES THEORY PRACTICE GROUND STATIONS SATELLITES ECONOMICS
260
_a
LONDON
_b
ILIFFE
_c
1964
300
_a
441P
942
_c
BK
999
_c
585018
_d
585018